00246nam a2200085Ia 4500008004100000041000800041100002000049245006000069260003100129241105s9999 xx 000 0 und d aeng aKhatod Karishma aEliciting Digital Mediums To As A Socio-Urban Interface bBNCA M Arch DA, Punec2021